Tư tưởng ngoại giao Hồ Chí Minh /
Na minha lista:
| Autor principal: | |
|---|---|
| Formato: | Sách giấy |
| Idioma: | Vietnamese |
| Publicado em: |
H. :
Chính trị Quốc gia,
2002
|
| Assuntos: | |
| Tags: |
Adicionar Tag
Sem tags, seja o primeiro a adicionar uma tag!
|
| Thư viện lưu trữ: | Thư viện Trường Đại học Đà Lạt |
|---|
| LEADER | 00780nam a2200301 4500 | ||
|---|---|---|---|
| 001 | DLU030023799 | ||
| 003 | ##DLU | ||
| 005 | ##20021230 | ||
| 008 | ##021230t vn z000 vie d | ||
| 040 | # | # | |a DLU |b vie |
| 041 | # | # | |a vie |
| 044 | # | # | |a vn |
| 082 | # | # | |a 327.101 |b NG-N |
| 100 | # | # | |a Nguyễn Dy Niên |
| 245 | # | # | |a Tư tưởng ngoại giao Hồ Chí Minh / |c Nguyễn Dy Niên |
| 260 | # | # | |a H. : |b Chính trị Quốc gia, |c 2002 |
| 300 | # | # | |a 349 tr. ; |c 21 cm |
| 600 | # | # | |a Hồ Chí Minh, |d 1890-1969. |
| 651 | # | # | |a Việt Nam |x Quan hệ ngoại giao |x Triết học. |
| 992 | # | # | |a 43000 |
| 994 | # | # | |a DLU |
| 900 | # | # | |a True |
| 911 | # | # | |a Phan Ngọc Đông |
| 925 | # | # | |a G |
| 926 | # | # | |a A |
| 927 | # | # | |a SH |
| 980 | # | # | |a Thư viện Trường Đại học Đà Lạt |